| 000 | 00503nam a2200169Ia 4500 | ||
|---|---|---|---|
| 003 | GCL | ||
| 005 | 20240530102103.0 | ||
| 008 | 140319s9999 xx 000 0 ara d | ||
| 040 |
_aGCL / _cGCL |
||
| 082 | 0 | 4 |
_a811.009 _bر ث |
| 100 | 0 | _aرجاء النقاش | |
| 245 | 1 | 0 |
_aثلاثون عاما مع الشعر والشعراء / _cرجاء النقاش |
| 260 |
_a[S.N] : _bدار سعاد الصباح ، _c1992 |
||
| 300 | _a573 ص | ||
| 490 |
_aسلسلة دراسات _v0 |
||
| 942 |
_2ddc _cBK |
||
| 999 |
_c29721 _d29721 |
||